| 000 | 00600nam a2200217Ia 4500 | ||
|---|---|---|---|
| 003 | IEPS | ||
| 005 | 20250703135312.0 | ||
| 008 | 250223s9999||||xx |||||||||||||| ||und|| | ||
| 020 | _a9957454048 | ||
| 040 | _CIEPS | ||
| 041 | _aara | ||
| 082 | _a153.4 | ||
| 100 | _aالسرور نادية هايل | ||
| 245 | 0 | _aقوة التفكير | |
| 245 | 0 | _bكتاب المعلم | |
| 260 |
_aعمان _bمركز ديبونو لتعليم التفكير _c2005 |
||
| 300 |
_aالجزء 03 ، 121 ص. _bجداول _c24 سم. |
||
| 653 | _aالتعلم | ||
| 653 | _aالتفكير | ||
| 942 | _cكتاب | ||
| 999 |
_c13077 _d13077 |
||